000
00260nam a22001217a 4500
008
180924b xxu||||| |||| 00| 0 eng d
041
_a
eng
080
_a
615
100
_a
5
101
_a
FAR
245
_a
Modern Contraception
_c
Grimes, D.A
942
_2
udc
_c
BK
999
_c
48407
_d
48407